Famous Physicists - Statistics

General Stats
  • This quiz has been taken 81 times
  • The average score is 10 of 16
Answer Stats
Hint Answer % Correct
Special Relativity, Quantum Mechanics Albert Einstein
99%
Wave Equation for particles, Cat thought experiment Erwin Schrodinger
90%
Calculus and Classical Mechanics Isaac Newton
87%
Series of Uncertainty Relations Werner Heisenberg
85%
Quantization of Angular Momentum in Atoms, Atomic Model Niels Bohr
84%
Black Hole Theory Stephen Hawking
84%
Equations for Electromagnetism James Clerk Maxwell
73%
Quantization of Light Max Planck
67%
Exclusion Principle for Spin One Half Particles Wolfgang Pauli
64%
Gold Foil Experiment Ernest Rutherford
61%
X-ray Discovery Wilhelm Roentgen
58%
Electric Current Andre-Marie Ampere
52%
First Nuclear Reactor, Particle Physicist Enrico Fermi
52%
Matter Waves Louis de Broglie
39%
Cathode Ray Tube J. J. Thomson
31%
X-ray Scattering Arthur Compton
13%
No matching quizzes found
Score Distribution
Percent of People with Each Score
Percentile by Number Answered
Your Score History
You have not taken this quiz